| 000 | 00603nam a2200205 a 4500 | ||
|---|---|---|---|
| 001 | 5899 | ||
| 003 | CDMR | ||
| 005 | 20130322123253.0 | ||
| 008 | 130220s2008||||||||||||||||||||||||||||d | ||
| 020 | _a9788498090406 | ||
| 040 |
_aCDMR _bcat _cCDMR |
||
| 100 | 1 |
_aFinestres, Jordi _91322 |
|
| 245 | 1 | 0 |
_aJosep Maria Planes _b: set trets al periodisme a la Rabassada _cJordi Finestres |
| 260 |
_aBarcelona _bPòrtic _c2008 |
||
| 300 |
_a327 p ; _c17 cm |
||
| 490 | 0 |
_aPòrtic testimonis _v1 |
|
| 600 | 1 |
_9894 _aPlanes, Josep Maria _d1907-1936 |
|
| 650 |
_aPeriodistes catalans _vBiografies _94 |
||
| 942 |
_cMON _2udc |
||
| 999 |
_c5899 _d5899 |
||